[Event "26th Klatovy B 2018"]
[Site "Klatovy CZE"]
[Date "2018.07.04"]
[Round "5.39"]
[White "Studenovsky, Jaroslav"]
[Black "Levinsky, Ladislav"]
[Result "1/2-1/2"]
[WhiteElo "1233"]
[BlackElo "1515"]
[PlyCount "79"]
[EventDate "2018.06.30"]
[EventType "swiss"]
[EventRounds "9"]
[EventCountry "CZE"]

1. c4 e6 2. Nc3 f5 3. Nf3 Nf6 4. g3 b6 5. Bg2 Bb7 6. d3 Be7 7. O-O O-O 8. a3 a5 9. Rb1 Na6 10. Re1 Rb8 11. Bd2 c5 12. Nb5 Nc7 13. b4 Nxb5 14. cxb5 axb4 15. axb4 d6 16. bxc5 bxc5 17. Ng5 Qd7 18. e4 fxe4 19. dxe4 h6 20. Nh3 Kh8 21. Qb3 e5 22. f3 Bd8 23. Nf2 Bb6 24. Bh3 Qe7 25. Be3 Ne8 26. Kg2 Nc7 27. Red1 Ra8 28. Bg4 Ra5 29. Qc4 Rfa8 30. Bd2 Ra4 31. Qc3 Ra3 32. Rb3 Nxb5 33. Qc4 Rxb3 34. Qxb3 Bc6 35. Qb2 Qf7 36. Ra1 Rxa1 37. Qxa1 Qa7 38. Qc1 Bd7 39. Bxh6 Bxg4 40. Nxg4 1/2-1/2

[Event "26th Klatovy B 2018"]
[Site "Klatovy CZE"]
[Date "2018.07.04"]
[Round "5.40"]
[White "Benes, Jachym"]
[Black "Kotesovec, Jaroslav"]
[Result "1-0"]
[WhiteElo "1386"]
[BlackElo "1514"]
[PlyCount "69"]
[EventDate "2018.06.30"]
[EventType "swiss"]
[EventRounds "9"]
[EventCountry "CZE"]

1. e4 e5 2. f4 Nc6 3. Nf3 d6 4. Bc4 exf4 5. d4 Qf6 6. Nc3 Nge7 7. Nb5 Kd8 8. e5 Qf5 9. exd6 Nd5 10. Bxd5 Qxd5 11. Nxc7 Qe4+ 12. Qe2 Qxe2+ 13. Kxe2 Rb8 14. Ng5 Kd7 15. Nxf7 Rg8 16. d5 Bxd6 17. dxc6+ Kxc7 18. Nxd6 Bg4+ 19. Kf2 Kxd6 20. Bxf4+ Kxc6 21. Bxb8 Rxb8 22. Rhf1 Rd8 23. h3 Be6 24. Rad1 Rxd1 25. Rxd1 g6 26. g4 h5 27. Kg3 Bf7 28. Rf1 Be8 29. Rf8 Kd7 30. Rxe8 Kxe8 31. gxh5 gxh5 32. Kh4 Kf7 33. Kxh5 Kg7 34. Kg5 a6 35. Kf5 1-0

[Event "26th Klatovy B 2018"]
[Site "Klatovy CZE"]
[Date "2018.07.04"]
[Round "5.41"]
[White "Berkovec, Josef"]
[Black "Safarcik, Miroslav"]
[Result "1/2-1/2"]
[WhiteElo "1000"]
[BlackElo "1505"]
[PlyCount "122"]
[EventDate "2018.06.30"]
[EventType "swiss"]
[EventRounds "9"]
[EventCountry "CZE"]

1. Nf3 d5 2. d4 Bg4 3. e3 Nf6 4. Bd3 e6 5. Nbd2 Be7 6. c3 O-O 7. O-O Nbd7 8. e4 Bxf3 9. Qxf3 dxe4 10. Nxe4 Nxe4 11. Qxe4 Nf6 12. Qxb7 Qd6 13. Qf3 Nd5 14. Re1 Bf6 15. Qe4 g6 16. Bh6 Bg7 17. Bxg7 Kxg7 18. Re2 Rae8 19. g3 Nf6 20. Qe5 Qxe5 21. Rxe5 Rb8 22. b3 Nd5 23. Rc1 Rb6 24. Bc4 c6 25. Bxd5 cxd5 26. f4 Rc8 27. Kf2 Rbc6 28. Re3 a5 29. Rc2 h5 30. Ke2 a4 31. Kd3 axb3 32. axb3 Rb8 33. b4 Rcb6 34. Ree2 Kf6 35. Re5 R8b7 36. h3 Ra7 37. g4 hxg4 38. hxg4 Ra3 39. g5+ Kg7 40. Kd2 Ra8 41. Re2 Rh8 42. Rf2 Rh4 43. Ke3 Rh3+ 44. Rf3 Rh4 45. Rff2 Rh3+ 46. Rf3 Rh4 47. Rff2 Rh3+ 48. Rf3 Rh1 49. Rff2 f6 50. gxf6+ Kxf6 51. Rg2 Rh3+ 52. Ke2 Rc6 53. Kd2 Rf3 54. Rg1 Rxf4 55. Ke3 Re4+ 56. Kd3 Rh4 57. Rf2+ Kg7 58. Rg3 Rh1 59. Rc2 Rd1+ 60. Rd2 Rc1 61. Rc2 Rd1+ 1/2-1/2

[Event "26th Klatovy B 2018"]
[Site "Klatovy CZE"]
[Date "2018.07.04"]
[Round "5.42"]
[White "Dolezal, Martin 1998"]
[Black "Kovar, Michal"]
[Result "1-0"]
[WhiteElo "1247"]
[BlackElo "1492"]
[PlyCount "59"]
[EventDate "2018.06.30"]
[EventType "swiss"]
[EventRounds "9"]
[EventCountry "CZE"]

1. e4 d6 2. d4 Nf6 3. Nc3 g6 4. Bg5 Bg7 5. Qd2 c6 6. Bh6 O-O 7. Bxg7 Kxg7 8. O-O-O b5 9. f3 Qa5 10. a3 b4 11. axb4 Qxb4 12. d5 c5 13. Nb5 Qa4 14. Qc3 a6 15. Na3 Nbd7 16. g4 Ne5 17. Ne2 a5 18. g5 Nh5 19. f4 Qxe4 20. fxe5 dxe5 21. Rg1 Bf5 22. Ng3 Nxg3 23. Rxg3 Rab8 24. Bd3 Qd4 25. Bxf5 Qf4+ 26. Kb1 Qxf5 27. Qxc5 Qd7 28. d6 exd6 29. Rxd6 Qe7 30. Rxg6+ 1-0

[Event "26th Klatovy B 2018"]
[Site "Klatovy CZE"]
[Date "2018.07.04"]
[Round "5.43"]
[White "Jedlicka, Pavel"]
[Black "Svejdar, Petr"]
[Result "0-1"]
[WhiteElo "1485"]
[BlackElo "1163"]
[PlyCount "117"]
[EventDate "2018.06.30"]
[EventType "swiss"]
[EventRounds "9"]
[EventCountry "CZE"]

1. d4 d5 2. f4 e6 3. Nf3 Nf6 4. e3 Nbd7 5. c4 c5 6. dxc5 Bxc5 7. Nc3 Nb6 8. Ne5 O-O 9. b3 Nbd7 10. Na4 Ne4 11. Nf3 b6 12. Nxc5 Ndxc5 13. Ba3 Qc7 14. Rc1 Rd8 15. Qc2 Bb7 16. Bxc5 Qxc5 17. Nd4 Qb4+ 18. Ke2 dxc4 19. bxc4 Nc5 20. Rb1 Qa4 21. Qxa4 Nxa4 22. Rb3 Nc5 23. Rc3 Ne4 24. Rc2 Rac8 25. Rg1 Ba6 26. Kf3 Nd6 27. g4 Nxc4 28. Bxc4 Bxc4 29. Rgc1 Bd5+ 30. e4 Rxc2 31. Rxc2 Bb7 32. Rc7 Rxd4 33. Rxb7 g6 34. Rxa7 Rb4 35. f5 exf5 36. gxf5 gxf5 37. exf5 Rb1 38. Ke4 b5 39. f6 h6 40. Kd3 Rb2 41. Kc3 Rxh2 42. Ra8+ Kh7 43. Ra5 Rh3+ 44. Kb4 Rh5 45. a4 Rh4+ 46. Kxb5 Rh5+ 47. Kb4 Rxa5 48. Kxa5 h5 49. Kb6 h4 50. a5 h3 51. a6 h2 52. a7 h1=Q 53. Kc7 Qa8 54. Kb6 Qc8 55. a8=Q Qxa8 56. Kc7 Qd5 57. Kb6 Qc4 58. Ka5 Qb3 59. Ka6 0-1

[Event "26th Klatovy B 2018"]
[Site "Klatovy CZE"]
[Date "2018.07.04"]
[Round "5.44"]
[White "Zeman, Lukas"]
[Black "Dubnicka, Augustin 2000"]
[Result "1/2-1/2"]
[WhiteElo "1460"]
[BlackElo "1659"]
[PlyCount "111"]
[EventDate "2018.06.30"]
[EventType "swiss"]
[EventRounds "9"]
[EventCountry "CZE"]

1. e4 c5 2. Nf3 Nc6 3. d4 cxd4 4. Nxd4 d6 5. Nc3 g6 6. Be3 Bg7 7. Be2 Nf6 8. O-O O-O 9. Qd2 Ng4 10. Bxg4 Bxg4 11. Nxc6 bxc6 12. Bh6 Be6 13. Bxg7 Kxg7 14. Ne2 Qb6 15. b3 Kg8 16. c4 a5 17. Nd4 c5 18. Nxe6 fxe6 19. f3 a4 20. Qc3 Ra6 21. Rfb1 Rfa8 22. bxa4 Qc6 23. Rb2 Rxa4 24. Rab1 Qe8 25. Qb3 Kf7 26. Kf2 Ra3 27. Qc2 Qa4 28. Ra1 Qa5 29. Qd2 Qxd2+ 30. Rxd2 Rc3 31. a4 Rxc4 32. a5 Rb4 33. a6 Ra7 34. Ke3 e5 35. g3 Rb6 36. Rda2 Rb3+ 37. Ke2 Ke6 38. Rc2 Kd7 39. h4 Kc6 40. Rc4 e6 41. Rca4 d5 42. exd5+ exd5 43. f4 e4 44. g4 Rf3 45. f5 gxf5 46. gxf5 Rxf5 47. Rc1 Kb5 48. Ra2 Kc6 49. Ra5 d4 50. Ra4 Kb5 51. Rca1 Rf6 52. Ra5+ Kb4 53. R1a4+ Kb3 54. Ra1 Rc6 55. R5a4 Rb6 56. Ra5 1/2-1/2

[Event "26th Klatovy B 2018"]
[Site "Klatovy CZE"]
[Date "2018.07.04"]
[Round "5.45"]
[White "Dolejs, Jakub"]
[Black "Stastny, Simon"]
[Result "1-0"]
[WhiteElo "1447"]
[BlackElo "1092"]
[PlyCount "51"]
[EventDate "2018.06.30"]
[EventType "swiss"]
[EventRounds "9"]
[EventCountry "CZE"]

1. d4 Nf6 2. c4 e6 3. Nc3 Bb4 4. Qc2 O-O 5. Nf3 b6 6. e4 d5 7. e5 Ne4 8. Bd3 Bxc3+ 9. bxc3 Bb7 10. Bxe4 dxe4 11. Ng5 Nd7 12. O-O c5 13. Ba3 Re8 14. Nxe4 Bxe4 15. Qxe4 f6 16. f4 Rc8 17. Rac1 Rf8 18. Rfd1 a6 19. d5 fxe5 20. fxe5 exd5 21. Qxd5+ Kh8 22. Qxd7 Qxd7 23. Rxd7 Rb8 24. e6 b5 25. e7 Rf2 26. Rd8+ 1-0

[Event "26th Klatovy B 2018"]
[Site "Klatovy CZE"]
[Date "2018.07.04"]
[Round "5.46"]
[White "Studenovsky, Jaroslav 1974"]
[Black "Vavrinek, Tomas"]
[Result "0-1"]
[WhiteElo "1000"]
[BlackElo "1785"]
[PlyCount "126"]
[EventDate "2018.06.30"]
[EventType "swiss"]
[EventRounds "9"]
[EventCountry "CZE"]

1. e4 c5 2. Nf3 Nc6 3. c3 d5 4. exd5 Qxd5 5. d4 Bg4 6. Be2 e6 7. Be3 cxd4 8. cxd4 Nf6 9. Nc3 Bb4 10. O-O Bxc3 11. bxc3 O-O 12. h3 Bh5 13. c4 Qa5 14. Qb3 Qc7 15. Rfd1 Rac8 16. Qd3 Bg6 17. Qd2 Ne4 18. Qc1 Qa5 19. Bd2 Nxd2 20. Rxd2 Rfd8 21. a3 h6 22. Qb2 Qc7 23. Rad1 Na5 24. Rc1 b6 25. Qc3 Be4 26. Ne5 f6 27. Nf3 Qf4 28. Qe3 Qxe3 29. fxe3 Nb3 30. Rcc2 Nxd2 31. Rxd2 Bxf3 32. gxf3 e5 33. a4 Rd6 34. d5 Kf7 35. e4 g6 36. Kf2 Ke7 37. Rc2 f5 38. Bd3 Rf6 39. Ke3 Kd6 40. Kd2 fxe4 41. Bxe4 g5 42. Kc3 a5 43. Rb2 Kc7 44. Kd3 Rcf8 45. Ke3 Rf4 46. Rg2 Rh4 47. Rg3 Kd6 48. Kd3 Kc5 49. Kc3 Rff4 50. Bd3 Rd4 51. Be2 Rxc4+ 52. Bxc4 Rxc4+ 53. Kb3 Kxd5 54. Rg4 Rxg4 55. hxg4 Kd4 56. Kc2 Kc4 57. Kd2 Kb4 58. Ke3 Kxa4 59. Ke4 Kb3 60. Kf5 a4 61. Kg6 a3 62. Kxh6 a2 63. Kxg5 a1=Q 0-1

[Event "26th Klatovy B 2018"]
[Site "Klatovy CZE"]
[Date "2018.07.04"]
[Round "5.47"]
[White "Kubat, Zbynek"]
[Black "Ruzickova, Helena"]
[Result "1-0"]
[WhiteElo "1681"]
[BlackElo "1422"]
[PlyCount "65"]
[EventDate "2018.06.30"]
[EventType "swiss"]
[EventRounds "9"]
[EventCountry "CZE"]

1. e4 d6 2. Nf3 Nf6 3. Nc3 g6 4. d4 Bg7 5. Bc4 e6 6. Bg5 h6 7. Be3 O-O 8. Bd3 Nbd7 9. h3 Kh7 10. Qd2 Ng8 11. O-O-O c6 12. g4 f6 13. h4 e5 14. Rdg1 exd4 15. Nxd4 Ne5 16. Be2 Rf7 17. f4 c5 18. Nf3 Nxg4 19. h5 gxh5 20. Rxh5 Nxe3 21. Qxe3 Bd7 22. Bc4 Rf8 23. Qd3 Qe8 24. Rh2 Be6 25. e5+ Kh8 26. Bxe6 Qxe6 27. Nh4 Ne7 28. exd6 Rad8 29. Re2 Qf7 30. Rxe7 Qh5 31. Rgxg7 f5 32. Rh7+ Kg8 33. Reg7# 1-0

[Event "26th Klatovy B 2018"]
[Site "Klatovy CZE"]
[Date "2018.07.04"]
[Round "5.48"]
[White "Skalny, Petr"]
[Black "Bauer, Jan 2005"]
[Result "1/2-1/2"]
[WhiteElo "1665"]
[BlackElo "1415"]
[PlyCount "99"]
[EventDate "2018.06.30"]
[EventType "swiss"]
[EventRounds "9"]
[EventCountry "CZE"]

1. c4 c5 2. g3 d6 3. Bg2 Nc6 4. d3 g6 5. Nf3 Bg7 6. O-O Nf6 7. Nc3 O-O 8. a3 Bg4 9. Be3 Qd7 10. d4 b6 11. Qa4 Rfc8 12. Rfd1 Bh3 13. dxc5 Bxg2 14. Kxg2 Ng4 15. Bd4 Bxd4 16. Nxd4 bxc5 17. Nxc6 Rxc6 18. Nd5 Kf8 19. b4 e6 20. h3 Ne5 21. b5 Rcc8 22. Nf6 Qb7+ 23. f3 Kg7 24. Ne4 Rd8 25. Rxd6 Rxd6 26. Nxd6 Qc7 27. Rd1 Rd8 28. Ne4 Rxd1 29. Qxd1 Nxc4 30. Qc1 Nd6 31. Nxc5 Kf8 32. a4 Nf5 33. f4 Qd6 34. e4 Nd4 35. Qc4 e5 36. Nd3 exf4 37. gxf4 Ne6 38. Kf3 Qb6 39. Ne5 Qg1 40. Ke2 Nxf4+ 41. Kd2 Qf2+ 42. Kc3 Ne2+ 43. Kb3 Nd4+ 44. Kb4 Nc2+ 45. Kc3 Ne3 46. Qd3 Qf6 47. Kd4 Nc2+ 48. Qxc2 Qd6+ 49. Ke3 Qxe5 50. Qc8+ 1/2-1/2

[Event "26th Klatovy B 2018"]
[Site "Klatovy CZE"]
[Date "2018.07.04"]
[Round "5.49"]
[White "Celovsky, Jan"]
[Black "Simunek, Jakub Simon"]
[Result "1/2-1/2"]
[WhiteElo "1397"]
[BlackElo "1578"]
[PlyCount "73"]
[EventDate "2018.06.30"]
[EventType "swiss"]
[EventRounds "9"]
[EventCountry "CZE"]

1. e4 c6 2. d4 d5 3. Nc3 dxe4 4. Nxe4 Nf6 5. Nxf6+ exf6 6. Bc4 Bd6 7. Qe2+ Be7 8. Be3 O-O 9. O-O-O b5 10. Bb3 a5 11. a4 bxa4 12. Bxa4 Nd7 13. Bxc6 Rb8 14. d5 Bd6 15. Nf3 Qc7 16. Nd4 Bf4 17. Bxf4 Qxf4+ 18. Qd2 Qc7 19. g3 Qb6 20. Nb3 Nc5 21. Qe3 Nxb3+ 22. Qxb3 Qxb3 23. cxb3 Rxb3 24. Rhe1 Bb7 25. Bxb7 Rxb7 26. d6 Rd8 27. Re7 Rbd7 28. Rxd7 Rxd7 29. Kc2 Kf8 30. Kb3 Ke8 31. Ka4 Rb7 32. Rd2 Ra7 33. Kb5 Kd7 34. Kc5 Rb7 35. Re2 Rb8 36. Re7+ Kd8 37. Rxf7 1/2-1/2

[Event "26th Klatovy B 2018"]
[Site "Klatovy CZE"]
[Date "2018.07.04"]
[Round "5.50"]
[White "Pucholt, Martin"]
[Black "Garabik, Marek"]
[Result "1-0"]
[WhiteElo "1570"]
[BlackElo "1399"]
[PlyCount "91"]
[EventDate "2018.06.30"]
[EventType "swiss"]
[EventRounds "9"]
[EventCountry "CZE"]

1. e4 c5 2. Nf3 g6 3. d4 cxd4 4. Nxd4 Bg7 5. Be3 Nf6 6. Nc3 O-O 7. f3 Nc6 8. Qd2 d6 9. Be2 Bd7 10. O-O Rc8 11. Kh1 Ne5 12. Qc1 Bc6 13. Bh6 Qb6 14. Bxg7 Kxg7 15. Nb3 Bd7 16. a4 a5 17. Rd1 Nc4 18. Rd4 Be6 19. Nd5 Bxd5 20. exd5 Ne5 21. Qd2 Ned7 22. Bb5 Ra8 23. Re1 Ne5 24. f4 Ned7 25. Rxe7 Rae8 26. Rxe8 Rxe8 27. h3 Ra8 28. f5 Nc5 29. Nxc5 Qxc5 30. fxg6 fxg6 31. c4 Rf8 32. Qc3 Qc7 33. Rf4 b6 34. Qd4 Qc5 35. Qc3 g5 36. Rf3 Kg6 37. Bc6 Qb4 38. Qd3+ Kh6 39. b3 Qe1+ 40. Rf1 Qe7 41. Qd4 Qd8 42. h4 gxh4 43. Qxh4+ Nh5 44. Qxd8 Rxd8 45. Rf7 Re8 46. Bxe8 1-0

[Event "26th Klatovy B 2018"]
[Site "Klatovy CZE"]
[Date "2018.07.04"]
[Round "5.51"]
[White "Krisman, Ondrej"]
[Black "Stanke, Petr"]
[Result "0-1"]
[WhiteElo "1566"]
[BlackElo "1378"]
[PlyCount "76"]
[EventDate "2018.06.30"]
[EventType "swiss"]
[EventRounds "9"]
[EventCountry "CZE"]

1. e4 e6 2. d4 d5 3. Nc3 Nf6 4. Bg5 Be7 5. e5 Nfd7 6. Bxe7 Qxe7 7. Bd3 a6 8. Qg4 O-O 9. Nf3 h6 10. O-O c5 11. Qf4 f6 12. Qh4 cxd4 13. exf6 Qxf6 14. Qxf6 Rxf6 15. Nxd4 Nc6 16. Nxc6 bxc6 17. b4 a5 18. a3 Ne5 19. Be2 Ba6 20. Bxa6 Rxa6 21. b5 Rb6 22. a4 Kf7 23. Rab1 cxb5 24. axb5 Nc4 25. Na4 Rb8 26. Nc5 Ke7 27. Na6 Rb6 28. Nc5 Nd2 29. Na4 Rb8 30. b6 Nxb1 31. Rxb1 Rf4 32. Nc5 Rb4 33. Rxb4 axb4 34. b7 Kd6 35. Nb3 Rxb7 36. g3 Rc7 37. Nd4 Rc4 38. Nb5+ Ke5 0-1

[Event "26th Klatovy B 2018"]
[Site "Klatovy CZE"]
[Date "2018.07.04"]
[Round "5.52"]
[White "Kudrna, Miroslav"]
[Black "Lang, Simon"]
[Result "1-0"]
[WhiteElo "1539"]
[BlackElo "1381"]
[PlyCount "53"]
[EventDate "2018.06.30"]
[EventType "swiss"]
[EventRounds "9"]
[EventCountry "CZE"]

1. e4 e6 2. d4 d5 3. e5 c5 4. c3 Nc6 5. Nf3 cxd4 6. cxd4 f6 7. Be3 Qb6 8. Qc2 Bb4+ 9. Nc3 fxe5 10. dxe5 d4 11. Nxd4 Nxd4 12. Bxd4 Qxd4 13. Bb5+ Bd7 14. Bxd7+ Qxd7 15. Rd1 Qc7 16. Qa4+ Kf7 17. Rd7+ Qxd7 18. Qxd7+ Ne7 19. O-O Rab8 20. Ne4 Rhd8 21. Ng5+ Kg6 22. Qxe6+ Kxg5 23. f4+ Kh5 24. h3 Bc5+ 25. Kh1 Ng6 26. Qg4+ Kh6 27. Qg5# 1-0

[Event "26th Klatovy B 2018"]
[Site "Klatovy CZE"]
[Date "2018.07.04"]
[Round "5.55"]
[White "Cervenka, Jakub"]
[Black "Souralova, Venuse"]
[Result "1/2-1/2"]
[WhiteElo "1300"]
[BlackElo "1453"]
[PlyCount "45"]
[EventDate "2018.06.30"]
[EventType "swiss"]
[EventRounds "9"]
[EventCountry "CZE"]

1. e4 c5 2. Nf3 d6 3. d4 cxd4 4. Nxd4 Nf6 5. Nc3 e6 6. Be2 Be7 7. Be3 O-O 8. f3 Nc6 9. O-O Qd7 10. Qd2 b6 11. f4 Bb7 12. Rf3 Ng4 13. Rg3 Nxe3 14. Qxe3 Nxd4 15. Qxd4 Bf6 16. e5 Bd8 17. Qxd6 Qc6 18. Bf3 Qxd6 19. exd6 Bxf3 20. Rxf3 Bf6 21. Rd1 Rfd8 22. Rfd3 Rd7 23. g4 1/2-1/2

[Event "26th Klatovy B 2018"]
[Site "Klatovy CZE"]
[Date "2018.07.04"]
[Round "5.56"]
[White "Soucek, Jan"]
[Black "Kura, Filip"]
[Result "1-0"]
[WhiteElo "1440"]
[BlackElo "1267"]
[PlyCount "45"]
[EventDate "2018.06.30"]
[EventType "swiss"]
[EventRounds "9"]
[EventCountry "CZE"]

1. e4 e5 2. Nf3 Nc6 3. Bc4 Bc5 4. d3 Nf6 5. Nc3 O-O 6. Bg5 Bb4 7. O-O Bxc3 8. bxc3 d6 9. h3 Be6 10. Bb3 h6 11. Bh4 d5 12. Bxf6 gxf6 13. exd5 Bxd5 14. Bxd5 Qxd5 15. Nh4 Kh7 16. Qh5 Ne7 17. Rae1 Rg8 18. c4 Qe6 19. f4 Raf8 20. Kh1 Rg7 21. Rf2 Rfg8 22. Ref1 a6 23. fxe5 1-0

[Event "26th Klatovy B 2018"]
[Site "Klatovy CZE"]
[Date "2018.07.04"]
[Round "5.57"]
[White "Sykora, Vaclav"]
[Black "Bastyr, Pavel"]
[Result "0-1"]
[WhiteElo "1529"]
[BlackElo "1469"]
[PlyCount "30"]
[EventDate "2018.06.30"]
[EventType "swiss"]
[EventRounds "9"]
[EventCountry "CZE"]

1. c4 e5 2. Nc3 Nc6 3. d3 Bb4 4. Nf3 Nf6 5. e3 O-O 6. Be2 d5 7. Bd2 d4 8. Ne4 Re8 9. Nxf6+ Qxf6 10. e4 Bxd2+ 11. Qxd2 Ne7 12. O-O Ng6 13. g3 c5 14. Rab1 Bh3 15. Rfe1 h6 0-1

[Event "26th Klatovy B 2018"]
[Site "Klatovy CZE"]
[Date "2018.07.04"]
[Round "5.58"]
[White "Vavrinkova, Marie"]
[Black "Tomascik, Petr"]
[Result "1-0"]
[WhiteElo "1132"]
[BlackElo "1427"]
[PlyCount "131"]
[EventDate "2018.06.30"]
[EventType "swiss"]
[EventRounds "9"]
[EventCountry "CZE"]

1. e4 c5 2. Nf3 Nc6 3. d4 cxd4 4. Nxd4 e6 5. Be3 Nf6 6. Bd3 Bb4+ 7. c3 Be7 8. O-O d5 9. Nd2 a6 10. Rc1 Ne5 11. Bc2 Neg4 12. Bg5 Qd6 13. N4f3 Ne5 14. Nxe5 Qxe5 15. f4 Qd6 16. Kh1 dxe4 17. Nxe4 Nxe4 18. Bxe7 Qxd1 19. Rcxd1 Ng3+ 20. hxg3 Kxe7 21. g4 f6 22. Rfe1 h6 23. Bf5 Kf7 24. Bc2 Re8 25. Bb3 Kf8 26. Rd6 Rb8 27. Bxe6 Rxe6 28. Rdxe6 Bxe6 29. Rxe6 Re8 30. Rxe8+ Kxe8 31. Kg1 g6 32. Kf2 Ke7 33. Ke3 Ke6 34. Ke4 f5+ 35. gxf5+ gxf5+ 36. Kd4 Kd6 37. a3 h5 38. g3 b6 39. b4 b5 40. c4 bxc4 41. Kxc4 Kc6 42. a4 Kd6 43. b5 a5 44. Kd4 Kc7 45. Kc5 Kb7 46. b6 Ka6 47. b7 Kxb7 48. Kb5 Kc7 49. Kxa5 Kc6 50. Ka6 Kc5 51. a5 Kc6 52. Ka7 Kc7 53. a6 Kc8 54. Ka8 Kc7 55. Ka7 Kc8 56. Kb6 Kb8 57. a7+ Ka8 58. Kc6 Kxa7 59. Kd5 Kb7 60. Ke5 Kc7 61. Kxf5 h4 62. gxh4 Kd7 63. h5 Ke7 64. Kg6 Kf8 65. f5 Kg8 66. f6 1-0

[Event "26th Klatovy B 2018"]
[Site "Klatovy CZE"]
[Date "2018.07.04"]
[Round "5.59"]
[White "Fiala, Jonas"]
[Black "Kadlec, Rudolf"]
[Result "1-0"]
[WhiteElo "1000"]
[BlackElo "1420"]
[PlyCount "65"]
[EventDate "2018.06.30"]
[EventType "swiss"]
[EventRounds "9"]
[EventCountry "CZE"]

1. e4 d5 2. exd5 Nf6 3. Bb5+ Bd7 4. Nc3 Bxb5 5. Nxb5 Nxd5 6. c4 Nf6 7. Nf3 c6 8. Nbd4 e6 9. Qb3 Qc7 10. O-O Bc5 11. Ne2 O-O 12. d4 Be7 13. Bf4 Bd6 14. Ne5 Nbd7 15. c5 Bxe5 16. dxe5 Nd5 17. Qg3 Nxf4 18. Nxf4 Qxe5 19. b4 Nf6 20. Rfe1 Qf5 21. h3 Nh5 22. Nxh5 Qxh5 23. Qc7 Rfb8 24. Rad1 Qg5 25. Rd7 Qf6 26. Red1 g6 27. Re7 Re8 28. Rxe8+ Rxe8 29. Qxb7 Re7 30. Qxc6 Kg7 31. Rd7 e5 32. Qb7 Rxd7 33. Qxd7 1-0

[Event "26th Klatovy B 2018"]
[Site "Klatovy CZE"]
[Date "2018.07.04"]
[Round "5.60"]
[White "Stanke, Vilem"]
[Black "Jelinek, Frantisek"]
[Result "1/2-1/2"]
[WhiteElo "1366"]
[BlackElo "1039"]
[PlyCount "96"]
[EventDate "2018.06.30"]
[EventType "swiss"]
[EventRounds "9"]
[EventCountry "CZE"]

1. e4 c5 2. Nf3 d6 3. d4 cxd4 4. Nxd4 Nf6 5. Nc3 Nc6 6. Be3 g6 7. Be2 Bg7 8. O-O O-O 9. Qd2 Bd7 10. Bh6 Bxh6 11. Qxh6 Nxd4 12. Bd3 Qb6 13. b3 Qc5 14. Qd2 Rac8 15. Ne2 Nxe2+ 16. Qxe2 Qh5 17. f3 Rc3 18. Qd2 Qc5+ 19. Kh1 Rc8 20. Rfe1 e6 21. Bc4 Rxc4 22. bxc4 Qxc4 23. Qxd6 Qc5 24. Qf4 Nh5 25. Qd2 Ba4 26. Re2 Qc3 27. Rc1 Qc4 28. Ra1 Qxc2 29. Qxc2 Rxc2 30. Rxc2 Bxc2 31. Rc1 Ba4 32. Rc7 Bc6 33. a4 Bxa4 34. Rxb7 a6 35. Rb6 Bb5 36. g3 Nf6 37. Kg2 Kg7 38. Kf2 Nd7 39. Rb7 Nc5 40. Rb6 Kf6 41. Ke3 Nd7 42. Rb7 Ne5 43. h3 Nc4+ 44. Kd4 Nd2 45. e5+ Kg7 46. f4 Ne4 47. Rxb5 axb5 48. Kxe4 f6 1/2-1/2

[Event "26th Klatovy B 2018"]
[Site "Klatovy CZE"]
[Date "2018.07.04"]
[Round "5.61"]
[White "Kalista, Frantisek"]
[Black "Bukvaj, Martin"]
[Result "0-1"]
[WhiteElo "1360"]
[BlackElo "1123"]
[PlyCount "102"]
[EventDate "2018.06.30"]
[EventType "swiss"]
[EventRounds "9"]
[EventCountry "CZE"]

1. d4 d5 2. g3 c5 3. e3 Nf6 4. Bg2 Bf5 5. Nf3 Nc6 6. a3 Qc7 7. O-O e6 8. Re1 Bd6 9. b3 b6 10. Bb2 Be7 11. Nbd2 O-O 12. c3 Rfe8 13. Qc1 Rac8 14. c4 Rcd8 15. cxd5 exd5 16. h3 h6 17. Nh4 Bh7 18. f4 Ne4 19. Nxe4 dxe4 20. Bf1 Bxh4 21. gxh4 Qd6 22. Qd2 Qg6+ 23. Qg2 Qxg2+ 24. Bxg2 Re6 25. Bf1 Rg6+ 26. Kh2 f6 27. Bc4+ Kf8 28. Rg1 Rxg1 29. Rxg1 cxd4 30. exd4 Nxd4 31. Bxd4 Rxd4 32. Re1 Rd2+ 33. Kg3 Bf5 34. h5 Ke7 35. a4 Kd6 36. Re2 Rxe2 37. Bxe2 Kc5 38. Bc4 Kd4 39. Kf2 Bxh3 40. Ke2 Bg4+ 41. Kd2 Bxh5 42. Be2 Bxe2 43. Kxe2 g5 44. fxg5 hxg5 45. b4 a5 46. bxa5 bxa5 47. Kd2 g4 48. Ke2 e3 49. Kd1 g3 50. Ke2 g2 51. Ke1 g1=Q+ 0-1

[Event "26th Klatovy B 2018"]
[Site "Klatovy CZE"]
[Date "2018.07.04"]
[Round "5.62"]
[White "Malik, Zdenek"]
[Black "Lhotsky, Zdenek 1966"]
[Result "1-0"]
[WhiteElo "1607"]
[BlackElo "1305"]
[PlyCount "45"]
[EventDate "2018.06.30"]
[EventType "swiss"]
[EventRounds "9"]
[EventCountry "CZE"]

1. e4 c5 2. Nf3 d6 3. d4 cxd4 4. Qxd4 e5 5. Bb5+ Bd7 6. Qd3 a6 7. Bc4 b5 8. Bd5 Bc6 9. Nc3 Nf6 10. Bg5 Be7 11. O-O-O Bxd5 12. Nxd5 Nxd5 13. Qxd5 Bxg5+ 14. Nxg5 Qxg5+ 15. Kb1 O-O 16. Qxa8 Nd7 17. Qd5 Nc5 18. g3 Rd8 19. f4 Qg4 20. Qxc5 exf4 21. gxf4 Qxf4 22. Qc7 Re8 23. Rdf1 1-0

[Event "26th Klatovy B 2018"]
[Site "Klatovy CZE"]
[Date "2018.07.04"]
[Round "5.63"]
[White "Cinkova, Vicky"]
[Black "Zimmermann, Ladislav"]
[Result "1-0"]
[WhiteElo "1133"]
[BlackElo "1300"]
[PlyCount "117"]
[EventDate "2018.06.30"]
[EventType "swiss"]
[EventRounds "9"]
[EventCountry "CZE"]

1. e4 b6 2. f4 e5 3. Nf3 Nc6 4. Bc4 h6 5. Nc3 Nge7 6. O-O d6 7. h3 Bb7 8. d4 exd4 9. Nxd4 Nxd4 10. Qxd4 Nc6 11. Qd5 Qe7 12. Bb5 Qd7 13. e5 O-O-O 14. exd6 Qxd6 15. Qxf7 a6 16. Bd3 Qc5+ 17. Kh1 Rd7 18. Bf5 Qe7 19. Bxd7+ Qxd7 20. Qxd7+ Kxd7 21. Re1 Be7 22. Nd5 Bh4 23. Rd1 Kc8 24. b3 Nd8 25. Bb2 Ne6 26. f5 Nc5 27. Bxg7 Rh7 28. Bf6 Bg3 29. Ne7+ Kb8 30. Rd8+ Ka7 31. Rad1 Bd6 32. Ng6 Ne4 33. Bd4 Ng3+ 34. Kg1 Nxf5 35. Be5 Bc5+ 36. Kh2 Ne3 37. R1d7 Rxd7 38. Rxd7 a5 39. Rxc7 Nxg2 40. Rxb7+ Kxb7 41. Kxg2 Kc6 42. c4 Bb4 43. Nf4 Bd2 44. Kg3 b5 45. cxb5+ Kxb5 46. Bg7 Be1+ 47. Kg4 a4 48. bxa4+ Kxa4 49. Bxh6 Ka3 50. Nd3 Bc3 51. Nc1 Be1 52. Bg7 Bf2 53. Nb3 Be3 54. Na5 Kxa2 55. Bb2 Bf2 56. Bf6 Ka3 57. Nc4+ Kb4 58. Ne5 Bd4 59. Nc6+ 1-0

[Event "26th Klatovy B 2018"]
[Site "Klatovy CZE"]
[Date "2018.07.04"]
[Round "5.64"]
[White "Veverkova, Dorota"]
[Black "Cinkova, Lenka"]
[Result "1-0"]
[WhiteElo "1277"]
[BlackElo "1000"]
[PlyCount "103"]
[EventDate "2018.06.30"]
[EventType "swiss"]
[EventRounds "9"]
[EventCountry "CZE"]

1. e4 d5 2. exd5 Qxd5 3. Nc3 Qa5 4. Bc4 Nf6 5. Nf3 Bg4 6. a3 c6 7. d3 e6 8. Bf4 Nbd7 9. Qe2 Bb4 10. Bd2 O-O 11. O-O Bxc3 12. Bxc3 Qf5 13. Rfe1 Rfe8 14. Qe3 Bxf3 15. Qxf3 Qxf3 16. gxf3 Nd5 17. Bd2 e5 18. Re4 h5 19. Rh4 f5 20. Rxh5 f4 21. Bc3 g6 22. Rg5 Kg7 23. Re1 Kh6 24. h4 Nxc3 25. bxc3 Re7 26. d4 Rae8 27. Rb1 b5 28. Bd3 Rg7 29. Re1 Nf6 30. dxe5 Nh7 31. Rg4 g5 32. Bxh7 Kxh7 33. hxg5 Rg6 34. Re4 Rf8 35. Kf1 Kg7 36. Ke2 Rf5 37. e6 Kf8 38. e7+ Ke8 39. Rgxf4 Rgxg5 40. Rh4 Re5 41. Rxe5 Rxe5+ 42. Re4 Rxe4+ 43. fxe4 Kxe7 44. f4 a5 45. Kd3 c5 46. e5 Ke6 47. Ke4 a4 48. f5+ Kd7 49. Kd3 b4 50. cxb4 cxb4 51. axb4 Kc6 52. c4 1-0